Turbomachines (Record no. 6341)

000 -LEADER
fixed length control field 00565nam a2200205 i 4500
001 - CONTROL NUMBER
control field 6341
003 - CONTROL NUMBER IDENTIFIER
control field BD-DhUET
008 - FIXED-LENGTH DATA ELEMENTS--GENERAL INFORMATION
fixed length control field 800825s1981 nyua b 001 0 eng
020 ## - INTERNATIONAL STANDARD BOOK NUMBER
International Standard Book Number 0471060364
040 ## - CATALOGING SOURCE
Original cataloging agency DLC
Transcribing agency DLC
Modifying agency BD-DhUET
082 ## - DEWEY DECIMAL CLASSIFICATION NUMBER
Classification number 621.165
Item number BAL/1981
100 1# - MAIN ENTRY--PERSONAL NAME
Personal name Balje, O. E.
245 10 - TITLE STATEMENT
Title Turbomachines
Remainder of title a guide to design selection and theory
Statement of responsibility, etc. by O. E. Balje
250 ## - EDITION STATEMENT
Edition statement 1st ed.
260 ## - PUBLICATION, DISTRIBUTION, ETC. (IMPRINT)
Place of publication, distribution, etc. New York
Name of publisher, distributor, etc. John Wiley and Sons
Date of publication, distribution, etc. 1981
300 ## - PHYSICAL DESCRIPTION
Extent x, 513 p.
Other physical details ill.
Dimensions 24 cm.
504 ## - BIBLIOGRAPHY, ETC. NOTE
Bibliography, etc Includes bibliographies
650 #0 - SUBJECT ADDED ENTRY--TOPICAL TERM
Topical term or geographic name as entry element Turbomachines
942 ## - ADDED ENTRY ELEMENTS (KOHA)
Koha item type General Book
Holdings
Lost status Koha full call number Price effective from Sublocation or collection (holding branch) Damaged status Not for loan Withdrawn status Source of classification or shelving scheme Location (home branch) Koha date last seen Koha normalized classification for sorting Date acquired Koha item type Shelving location Copy number Piece designation (barcode)
 621.165/BAL/19812014-12-02Central Library, BUET    Central Library, BUET2014-12-02621_000000000000000_165BAL19812014-12-02General BookCirculation section161480
 621.165 /BAL/19812014-12-07Central Library, BUET    Central Library, BUET2015-04-26621_165000000000000_BAL19812014-12-07General BookCirculation section961485
 621.165 /BAL/19812014-12-07Central Library, BUET    Central Library, BUET2014-12-07621_165000000000000_BAL19812014-12-07General BookCirculation section661482
 621.165 /BAL/19812014-12-07Central Library, BUET    Central Library, BUET2014-12-07621_165000000000000_BAL19812014-12-07General BookCirculation section1061486
 621.165 /BAL/19812014-12-07Central Library, BUET    Central Library, BUET2014-12-07621_165000000000000_BAL19812014-12-07General BookCirculation section361479
 621.165 /BAL/19812014-12-07Central Library, BUET    Central Library, BUET2014-12-07621_165000000000000_BAL19812014-12-07General BookCirculation section561481
 621.165 /BAL/19812014-12-07Central Library, BUET    Central Library, BUET2014-12-07621_165000000000000_BAL19812014-12-07General BookCirculation section861484
 621.165 /BAL/19812014-12-07Central Library, BUET    Central Library, BUET2014-12-07621_165000000000000_BAL19812014-12-07General BookCirculation section261478
 621.165/BAL/19812015-04-23Central Library, BUET    Central Library, BUET2015-04-23621_165000000000000_BAL_19812015-04-23General BookCirculation section1161477